000 00720nam a2200193Ia 4500
003 GCL
005 20240530102623.0
008 140319s1991 ua 000 0 ara d
040 _aGCL /
_cGCL
082 0 4 _a657
_bم د
100 0 _aمحمد رشيد عبده الجمال
245 1 0 _aدراسات فى المحاسبة الحكومية :
_bالنسق الفكرى وقضايا التطبيق /
_cمحمد رشيد عبدالجمال
260 _aالاسكندرية :
_bمركز الدلتا للتطبيق ،
_c1991
300 _a269 ص. ؛
_c24 سم.
650 0 4 _aالمحاسبة
650 0 4 _aالمحاسبة الحكومية
650 0 4 _aالنظام المحاسبى الموحد
942 _2ddc
_cBK
999 _c33474
_d33474